000 00586nam a22001937a 4500
999 _c5765
_d5765
003 GBCCL
005 20241126110549.0
008 180406b ||||| |||| 00| 0 eng d
020 _a0852236956
040 _cgbc
082 _a808.882
_bHAL
100 _aHall, Rich
_910443
245 _aSniglets:
_bAny word that doesn't appear in the dictionary, but should /
_cRich Hall & Friends
260 _aLondon:
_bEbury Press,
_c1987
300 _a123 p.;
_bill.,
_c17 cm.
650 _aEnglish language
_vNew words
_xAnecdotes
_910444
650 _aVocabulary
_vAnecdotes
_910445
942 _2ddc
_cBK